ბათუმის შოთა რუსთაველის სახელმწიფო უნივერსიტეტის ბიბლიოთეკა

გამოკვლევა ადამიანის გონების შესახებ / (ბიბ.ჩანაწერი № 55181)

000 -ლიდერი
ფიქსირებული სიგრძის საკონტროლო ველი 01282nam a2200277Ia 4500
001 - საკონტროლო ნომერი
საკონტროლო ველი 22256
003 - საკონტროლო ნომრის იდენტიფიკატორი
საკონტროლო ველი GE_BSU
005 - ბოლო ოპერაციის თარიღი და დრო
საკონტროლო ველი 20230220155121.0
008 - ფიქსირებული სიგრძის მონაცემთა ელემენტები - ზოგადი ინფორმაცია
ფიქსირებული სიგრძის საკონტროლო ველი 181216s||||||||xx |||||||||||||| ||und||
020 ## - წიგნის საერთაშორისო სტანდარტული ნომერი
International Standard Book Number 978-9941-0-6576-7
040 ## - კატალოგიზაციის წყარო
Transcribing agency GE_BSU
041 ## - ენის კოდი
Language code of text/sound track or separate title geo
080 ## - უნივერსალური ათობითი კლასიფიკაციის ინდექსი
Universal Decimal Classification number 130.3 + 161.23 + 1(410) ჰ-72
100 ## - მთავარი ჩანაწერი - პიროვნების სახელი
Personal name ჰიუმი, დ. (დევიდ)
9 (RLIN) 230
245 ## - ცნობა სათაურის შესახებ
Title გამოკვლევა ადამიანის გონების შესახებ /
Statement of responsibility, etc ჰიუმი, დ. (დევიდ) ; მთარგმნ. ნინო დიასამიძე ; რედ. ნოდარ ნათაძე.
264 ## - წარმოების, გამოცემის, დისტრიბუციის და სხვა ცნობები
გამოცემის, წარმოების, დისტრიბუციის... ადგილი თბილისი :
გამოცემის, წარმოების, დისტრიბუციის... სახელწოდება Carpe diem,
გამოცემის, წარმოების, დისტრიბუციის... თარიღი 2014.
300 ## - ფიზიკური აღწერა
Extent 192 გვ. ;
Dimensions 20 სმ.
653 ## - INDEX TERM--UNCONTROLLED
Uncontrolled term ადამიანის აზროვნება
653 ## - INDEX TERM--UNCONTROLLED
Uncontrolled term ცნობიერება
653 ## - INDEX TERM--UNCONTROLLED
Uncontrolled term ინგლისური ფილოსოფია
653 ## - INDEX TERM--UNCONTROLLED
Uncontrolled term გამოკვლევა ადამიანის გონების შესახებ
700 ## - ADDED ENTRY--PERSONAL NAME
Personal name დიასამიძე, ნინო.
Relator term მთარგმნელი
9 (RLIN) 233
700 ## - ADDED ENTRY--PERSONAL NAME
Personal name ნათაძე, ნოდარ
Relator term რედაქტორი
9 (RLIN) 232
942 ## - ADDED ENTRY ELEMENTS (KOHA)
Koha item type წიგნი
Source of classification or shelving scheme
ეგზემპლარები
ჩამოწერის სტატუსი დაკარგული ეგზემპლარის სტატუსი კლასიფიკაციის წყარო ან თაროზე გაწყობის სქემა დაზიანების სტატუსი არ გაიცემა მუდმივი მდებარეობა (დაცვის ადგილი) ამჟამინდელი ადგილსამყოფელი თაროზე განთავსების ადგილი შეძენის თარიღი ღირებულება, შესყიდვის ნორმალური ფასი სრული შენახვის შიფრი შტრიხკოდი ბოლო ოპერაციის თარიღი ეგზემპლარის მიმდევრობითი ნომერი (კეტერი?) ფასის ძალაში შესვლის თარიღი ეგზემპლარის სახეობა საჯარო შენიშვნა
          ბათუმის შოთა რუსთაველის სახელმწიფო უნივერსიტეტის მთავარი ბიბლიოთეკა ბათუმის შოთა რუსთაველის სახელმწიფო უნივერსიტეტის მთავარი ბიბლიოთეკა წიგნსაცავი 2018-12-17 11.00 130.3 + 161.23 + 1(410) ჰ-72 57351 2018-12-17 57351 2018-12-17 წიგნი 1.00 ლ.
          ბათუმის შოთა რუსთაველის სახელმწიფო უნივერსიტეტის მთავარი ბიბლიოთეკა ბათუმის შოთა რუსთაველის სახელმწიფო უნივერსიტეტის მთავარი ბიბლიოთეკა წიგნსაცავი 2018-12-17 11.00 130.3 + 161.23 + 1(410) ჰ-72 57352 2018-12-17 57352 2018-12-17 წიგნი 11 ლ.
          ბათუმის შოთა რუსთაველის სახელმწიფო უნივერსიტეტის მთავარი ბიბლიოთეკა ბათუმის შოთა რუსთაველის სახელმწიფო უნივერსიტეტის მთავარი ბიბლიოთეკა წიგნსაცავი 2018-12-17 11.00 130.3 + 161.23 + 1(410) ჰ-72 57353 2018-12-17 57353 2018-12-17 წიგნი 11 ლ.